Stavebno-technologický projekt: OBYTNÝ SÚBOR – BYTOVÉ DOMY S POLYFUNKCIOU MIKOVÍNIHO ULICA, TRNAVA.

Gespeichert in:
Bibliographische Detailangaben
1. Verfasser: Križanová, Eliška (Verfasst von)
Weitere Verfasser: Ďubek, Marek (Betreuung Doktorarbeit)
Format: Manuskript Buch
Sprache:Slowakisch
Veröffentlicht: 2019
Schlagworte:
Online-Zugang:http://is.stuba.sk/zp/portal_zp.pl?podrobnosti=144686
https://opac.crzp.sk/?fn=detailBiblioForm&sid=9F8942B94996237AA2F519F666DC
Tags: Tag hinzufügen
Keine Tags, Fügen Sie das erste Tag hinzu!

MARC

LEADER 00000ntm a22000003a 4500
001 stuzp74033
003 SK-STU
005 20230606115428.5
007 ta
008 150427s2015----xo-----f-mn---000-0-slo-d
040 |a STU  |b slo 
041 0 |a slo 
100 1 |a Križanová, Eliška  |u 010270  |k Z4  |4 aut  |U SvF Stavebná fakulta  |T SvF Katedra technológie stavieb  |X 75611  |U V270  |Y 28  |7 75611 
242 0 1 |a Construction - Technological Project: Multifunctional building Mikovíniho Street, TRNAVA.  |y eng 
245 1 0 |a Stavebno-technologický projekt: OBYTNÝ SÚBOR – BYTOVÉ DOMY S POLYFUNKCIOU MIKOVÍNIHO ULICA, TRNAVA. 
260 |c 2019 
650 4 |a stavba  |2 slo 
650 4 |a premostenie  |2 slo 
650 4 |a blok C  |2 slo 
650 4 |a blok D  |2 slo 
650 4 |a bridge  |2 eng 
650 4 |a building  |2 eng 
650 4 |a block C  |2 eng 
650 4 |a block D  |2 eng 
700 1 |a Ďubek, Marek  |u 010270  |k Z1  |4 ths  |U SvF Stavebná fakulta  |T SvF Katedra technológie stavieb  |X 20818  |U V270  |Y 28  |7 A000020818 
856 4 |u http://is.stuba.sk/zp/portal_zp.pl?podrobnosti=144686 
856 4 |u https://opac.crzp.sk/?fn=detailBiblioForm&sid=9F8942B94996237AA2F519F666DC